[Event "Olympiad-36"]
[Site "Mallorca"]
[Date "2004.10.28"]
[Round "13"]
[White "Lautier, Joel"]
[Black "Akopian, Vladimir Eduardovic"]
[Result "1-0"]
[WhiteElo "2682"]
[BlackElo "2692"]
[Annotator "Lutz,C"]
[PlyCount "93"]
[EventDate "2004.10.15"]
[EventType "team-swiss"]
[EventRounds "14"]
[EventCountry "ESP"]
[SourceTitle "CBM 104"]
[Source "ChessBase"]
[SourceDate "2005.01.27"]
[SourceVersion "1"]
[SourceVersionDate "2005.01.27"]
[SourceQuality "1"]
[WhiteTeam "France"]
[BlackTeam "Armenia"]
[WhiteTeamCountry "FRA"]
[BlackTeamCountry "ARM"]

1. d4 d5 2. c4 c6 3. Nf3 Nf6 4. e3 e6 5. Bd3 dxc4 6. Bxc4 Nbd7 7. O-O Bd6 8.
Nc3 O-O 9. e4 e5 {Diese Stellung (die häuefiger über die Zugfolge 5.Nc3 Nbd7 6.
Bd3 Bd6 7.0-0 0-0 8.e4 dxc4 9.Bxc4 e5 erreicht wird), wurde vor einigen Jahren
von Anand wiederbelebt.} 10. Be3 (10. Bg5 Qe7 11. Re1 Rd8 12. Qb3 $5 exd4 13.
e5 Nxe5 14. Ne4 $5 b5 $1 15. Nxd6 Nxf3+ 16. Qxf3 Qxd6 17. Bxb5 Bd7 18. Bd3 Re8
19. h3 Nd5 $17 {0-1 Lautier,J-Anand,V/Monaco 2000/CBM 75/[Lutz] (72)}) 10...
Qe7 {Die Dame gehört in diesem System nach e7.} (10... b5 11. Bd3 a6 12. a4 b4
13. Ne2 c5 $2 14. dxe5 Bxe5 15. Qc2 Ng4 16. Bf4 Qc7 $6 17. Nxe5 Ngxe5 18. Rac1
Qb6 19. Rfd1 Re8 20. Bxe5 Nxe5 21. Qxc5 Qg6 22. Ng3 h5 23. Nf5 $1 $16 {1-0
Mikhalchishin,A-Kupreichik,V/Ashkhabad 1978/MCL/[Bulletin] (48)}) (10... Qc7
11. Rc1 exd4 12. Bxd4 Ne5 13. Nxe5 Bxe5 14. h3 Be6 (14... Rd8 $2 15. Bxe5 $1 {
, dieser Trick wird durch die Damenstellung auf c7 möglich.}) 15. Bxe6 fxe6 16.
Bxe5 Qxe5 17. Qb3 Nh5 18. Rcd1 Nf4 19. g3 Nxh3+ 20. Kg2 Rf6 21. f4 Qh5 22. e5
Rh6 23. Qc4 Rf8 24. Qe2 Qg6 25. Rd4 c5 26. Rc4 Rh4 27. f5 {1-0 Kortschnoj,
V-Godena,M/Batumi 1999/CBM 74 (27)}) 11. Bb3 (11. Qc2 exd4 12. Bxd4 Ne5 13.
Nxe5 Bxe5 14. Bxe5 Qxe5 15. Be2 Be6 16. Rad1 Rad8 17. h3 Qc5 18. Rxd8 Rxd8 19.
Rd1 Rd4 20. Rxd4 Qxd4 21. Qd3 Qxd3 22. Bxd3 Kf8 23. Kf1 {1/2-1/2 Marshall,
F-Alekhine,A/Hamburg 1910/HCL (23)}) 11... exd4 12. Bxd4 Ne5 (12... Nxe4 $2 13.
Re1 Nxc3 14. Bxc3 $18) 13. Nxe5 Bxe5 14. Bxe5 (14. h3 $2 Rd8 {, man vergleiche
mit Kortschnoj,V-Godena,M (siehe oben)}) 14... Qxe5 15. f4 Qc5+ 16. Kh1 Be6 17.
e5 $146 {Das ist ein neues Konzept. Weiß rückt am Königsflügel vor und kann in
der Folge einen gedeckten Freibauern auf e6 etablieren, muss dafür aber die
schwarze Turmverdoppelung auf der d-Linie zulassen.} (17. Bxe6 fxe6 18. Qb3 {
Weiß hat die etwas bessere Bauernstellung, aber Schwarz steht aktiv. Weiß hat
nicht viel.} Rae8 19. e5 Ng4 $5 (19... Nd5 $5) 20. g3 Re7 21. Rae1 Qb6 22. Qa3
Rd7 23. Ne4 Rd4 24. Qe7 c5 $132 {1/2-1/2 Ivanchuk,V-Shirov,A/Montecatini Terme
2000/CBM 79/[Lutz] (42)}) 17... Rad8 18. Qf3 Bxb3 19. axb3 Nd5 20. Ne4 Qb6 21.
Rae1 f6 {Gestattet die Bildung einer Freibauern, anderenfalls hat Weiß das
Feld d6 für seinen Srpinger und kann selbst f4-f5-f6 drohen.} 22. e6 Ne7 23. f5
Rd5 24. Ng3 Qd4 25. Re2 Rfd8 $13 {Schwarz hat die d-Linie unter Kontrolle,
aber sein Sringer muss passiv bleiben. Es scheint mir, als wäre die Stellung
etwa ausgeglichen.} 26. h3 Qh4 27. Re4 Qh6 28. Rfe1 Kf8 29. Kh2 a6 30. Qf2 {
In den letzten Zügen hat Weiß seinen König etwas besser gestellt und will nun
am Damenflügel etwas herumbohren.} Ke8 $2 {Lässt Weiß gewähren.} (30... Qd2 {
war erforderlich, um nach} 31. Qa7 Rb5 {immer noch die d-Linie zu
kontrollieren.}) 31. Qa7 $16 {So rückt die weiße Dame dem schwarzen König auf
die Pelle.} Rd2 (31... Rb5 32. Rd4 $16 {, und sobald die schwarze Kontrolle
über die d-Linie gebrochen ist, wirken sich die weißen Vorteile aus.}) 32. Qxb7
Rxb2 33. R1e3 g6 34. Qa7 $1 {Bereitet den Turmtransfer über b4 nach b7 vor.}
Rbd2 35. Rb4 Qg7 36. Ne4 R2d5 37. Rb7 $18 Kf8 38. Rf3 g5 39. Rb8 Ng8 40. Rb7
Ne7 41. Rb8 Ng8 42. Qb6 Qe7 43. Rb7 Rb5 44. Rxe7 Rxb6 45. Rxh7 Rb4 46. Nc5 Ke8
47. Nxa6 1-0

[Event "Bundesliga 0304"]
[Site "Germany"]
[Date "2004.04.24"]
[Round "14.6"]
[White "Gurevich, Mikhail"]
[Black "Knaak, Rainer"]
[Result "0-1"]
[WhiteElo "2656"]
[BlackElo "2480"]
[Annotator "Lutz,C"]
[PlyCount "90"]
[EventDate "2003.11.01"]
[EventType "team-tourn"]
[EventRounds "15"]
[EventCountry "GER"]
[SourceTitle "CBM 101"]
[Source "ChessBase"]
[SourceDate "2004.07.27"]
[SourceVersion "1"]
[SourceVersionDate "2004.07.27"]
[SourceQuality "1"]
[WhiteTeam "Porz"]
[BlackTeam "Werder Bremen"]
[WhiteTeamCountry "GER"]
[BlackTeamCountry "GER"]

1. c4 e6 2. Nf3 d5 3. d4 Nf6 4. Nc3 c6 5. e3 Nbd7 6. Qc2 Bd6 7. Be2 O-O 8. O-O
dxc4 9. Bxc4 b5 10. Be2 Bb7 11. Rd1 Qb8 $1 {Ein Mehrzweckzug: Schwarz räumt
die d-Linie, baut eine Dame-Läufer-Batterie auf und bereitet ...Rfc8 nebst ...
c6-c5 vor.} 12. a3 {Vermutlich reicht dieser Zug nicht, um Schwarz vor
Eröffnungsprobleme zu stellen.} (12. e4 {erscheint kritisch.} e5 13. Bg5 (13.
dxe5 Nxe5 14. Nd4 Ng6 $5 (14... Neg4 $6 15. g3 b4 $6 16. Bxg4 $1 Nxg4 17. Na4
g6 18. Nc5 Bxc5 19. Qxc5 $16 {1-0 Huzman,A-Pelletier,Y/Pula 2000/CBM 77/[Lutz]
(48)}) 15. g3 Re8 16. Nf5 Bf8 17. a3 (17. Bg5 Qe5 18. Bf3 h6 19. Bxf6 Qxf6 20.
Bg2 Ne5 21. f4 Ng4 22. e5 Qg6 23. Ne4 Qxf5 $1 24. Nf6+ gxf6 25. Qxf5 Bc5+ 26.
Kh1 Nf2+ 27. Kg1 Nxd1+ 28. Kh1 Nf2+ 29. Kg1 Rad8 30. exf6 Rd5 31. Bxd5 Nd1+ 32.
Kh1 Re1+ 33. Kg2 Ne3+ 34. Kf3 Nxf5 35. Rxe1 cxd5 36. Re8+ Kh7 {0-1 Lingnau,
C-Knaak,R/Germany 1993/GER-chT (36)}) 17... a5 18. f3 h5 19. Be3 Bc8 20. Bf2
$13 {1-0 Foisor,C-Flear,G/St Affrique 1995/EXT 99 (42)}) 13... Re8 14. dxe5
Bxe5 15. Nxe5 Qxe5 16. Be3 b4 17. Na4 c5 (17... Qxe4 18. Qxe4 Rxe4 19. Bf3 Re6
20. Nc5 Nxc5 21. Bxc5 a5 22. a3 {1/2-1/2 Kosyrev,V-Korotylev,A/Moscow 2002/EXT
2003 (22)}) 18. Nxc5 Nxc5 19. Qxc5 Qxb2 20. Bc4 Rac8 21. Qb5 Bc6 22. Qa6 Nxe4
23. Qxa7 Qf6 $132 {0-1 Skembris,S-Fressinet,L/Sitges 1999/EXT 2000 (57)}) (12.
Ne4 Nxe4 13. Qxe4 c5 14. Qh4 Nf6 15. dxc5 Bxc5 16. b4 Be7 17. Bb2 Bd5 18. Bd3 {
1/2-1/2 Malaniuk,V-Sherbakov,R/Katowice op 1991/EXT 91op}) (12. h3 a6 13. e4 (
13. a4 b4 14. Ne4 Nxe4 15. Qxe4 c5 16. Qh4 Qd8 17. dxc5 Bxf3 18. Qxd8 Raxd8 19.
gxf3 Nxc5 20. Kf1 Nb3 21. Rb1 Be5 22. Ke1 a5 23. f4 Bf6 24. e4 Rxd1+ 25. Bxd1
Nxc1 26. Rxc1 Bxb2 27. Rc5 g6 {Schneider,S-De Wachter,M/WchJM U20 1997/EXP 59/
1-0 (42)}) 13... e5 14. dxe5 Nxe5 15. Bg5 Nxf3+ 16. Bxf3 Be5 17. Be3 Qc7 18. b4
c5 19. Bxc5 Rfe8 20. Rac1 Bxc3 21. Qxc3 Bxe4 22. Qb3 Rac8 23. Be3 Qb7 24. Bxe4
Nxe4 25. Rxc8 Qxc8 26. Rc1 Qb7 {Lomineishvili,M-Van Linde,P/Groningen op 1997/
EXP 62/0-1 (86)}) 12... Rc8 $1 {Der exakteste Zug. Schwarz steht bereit zu ...
c6-c5.} (12... a6 13. e4 e5 14. dxe5 Nxe5 15. Nd4 Ng6 16. g3 c5 17. Nf5 Be5 18.
Bg5 Re8 19. Bxf6 Bxf6 20. Nd5 Bxd5 21. Rxd5 c4 22. Rad1 Qc7 23. Nd6 Red8 24. f4
Ne7 25. R5d2 Bxb2 26. Qxb2 c3 27. Qb3 {Barbero,G-Boudre,J/St Affrique 1994/EXT
99/1-0 (40)}) (12... a5 13. e4 b4 $5 14. Na4 b3 15. Qb1 $5 (15. Qxb3 $2 Nxe4
16. Bc4 $6 (16. Be3 c5 17. Rac1 cxd4 18. Bxd4 Bd5 $11) 16... c5 17. d5 Ne5 18.
Nxe5 Bxe5 19. h3 $2 (19. g3 exd5 20. Bxd5 Bxd5 21. Qxd5 Rd8 22. Qxd8+ Qxd8 23.
Rxd8+ Rxd8 24. Be3 $11) 19... exd5 20. Bxd5 Bh2+ $19 21. Kf1 Ba6+ (21... Bxd5
22. Qxb8 Bc4+ $19) 22. Ke1 Bg1 $1 23. Be3 (23. Qxb8 Bxf2#) 23... Qxb3 24. Bxb3
Nxf2 $1 25. Nxc5 (25. Bxf2 Rfe8+) 25... Rfe8 26. Kd2 Nxd1 27. Bxg1 Rad8+ {
0-1 Lobron,E-Gabriel,C/Bad Homburg 1998/CBM 66/[Lutz] (27)}) 15... Be7 16. e5
Nd5 17. Bg5 $14 {Der Pb3 ist eher eine Schwäche als eine Stärke.}) 13. b4 {
Weiß verhindert ...c6-c5 auf mechanische Weise, gibt Schwarz jedoch ein
einfaches Angriffsziel. Andere Züge geben Weiß jedoch auch nichts.} (13. Qd3 a5
14. e4 b4 15. axb4 axb4 16. Rxa8 Bxa8 17. e5 bxc3 18. bxc3 Be7 {1/2-1/2 Piket,
J-Pelletier,Y/Biel 1999/CBM 72 (18)}) (13. h3 c5 $1 14. Bxb5 Bxf3 15. gxf3 cxd4
16. Bxd7 (16. exd4 Rxc3 17. bxc3 Qxb5 $17) (16. Rxd4 Bh2+ 17. Kh1 Qxb5 18. Kxh2
Qh5 $36) 16... Nxd7 17. Rxd4 Ne5 18. Kg2 Bc5 19. Rd1 Ng6 20. Qe4 Be7 $44 {
0-1 Benkovic,P-Nisipeanu,L/Calimanesti 1999/CBM 70/[Lutz] (40)}) 13... a5 14.
Rb1 axb4 15. axb4 Nd5 16. e4 {Um weiterhin um die Initiative kämpfen zu können,
gibt Gurevich einen Bauern, aber er bekommt nie genug Kompensation dafür.} (16.
Nxd5 cxd5 {nebst ...Bc6, ...Nb6-c4 ist sicherlich nicht das, was Weiß
vorgeschwebt hat.}) 16... Nxb4 $15 17. Qd2 Be7 18. Rb3 Rd8 19. Qb2 Na6 20. Be3
b4 21. Na4 c5 {Mit dem Tausch seines rückständigen c-Bauern gegen den Bauern
e4 löst Schwarz seine positionellen Probelem und kann sich weiterhin eines
Mehrbauern erfreuen.} 22. Rc1 Bxe4 23. dxc5 Bc6 24. Nb6 Nxb6 25. cxb6 Bd5 26.
Rd3 Rc8 $17 27. Rdd1 b3 28. Rxc8+ Qxc8 29. Rxd5 $5 {Ein Versuch, noch im
Trüben zu fischen, aber Knaak spielt präzise.} exd5 30. Qxb3 Nb4 31. g3 Rb8 32.
Ne5 Qe6 33. Bd4 Bd6 34. Bg4 Qe7 35. Qc3 Bxe5 36. Bxe5 Rxb6 37. Bxg7 Rc6 (37...
Rg6 38. Bd4 Rxg4 $4 39. Qc8+ Qf8 40. Qxg4+ $18) 38. Qe5 {Weiß muss den
Damentausch zulassen, damit neigt sich die Partie dem Ende zu.} (38. Qd4 Rc4) (
38. Qa1 Rg6) 38... Qxe5 39. Bxe5 d4 $1 40. Kf1 (40. Bxd4 Rc4) 40... Nd3 41. Bb8
Rc2 42. f4 Nb2 43. Be5 d3 44. h3 Nc4 45. Bd4 Rc1+ 0-1

[Event "Cannes NAO Masters"]
[Site "Cannes"]
[Date "2002.02.22"]
[Round "1"]
[White "Karpov, Anatoly"]
[Black "Fressinet, Laurent"]
[Result "1/2-1/2"]
[WhiteElo "2693"]
[BlackElo "2591"]
[Annotator "Lutz,C"]
[PlyCount "132"]
[EventDate "2002.02.22"]
[EventType "tourn"]
[EventRounds "9"]
[EventCountry "FRA"]
[EventCategory "18"]
[SourceTitle "CBM 088"]
[Source "ChessBase"]
[SourceDate "2002.03.21"]
[SourceVersion "1"]
[SourceVersionDate "2002.03.21"]
[SourceQuality "1"]

1. d4 d5 2. c4 c6 3. Nc3 Nf6 4. e3 e6 5. Nf3 Nbd7 6. Qc2 Bd6 7. Bd3 O-O 8. O-O
dxc4 9. Bxc4 b5 10. Be2 Bb7 11. Rd1 Qc7 12. e4 {Dieses Vorgehen im Zentrum
stellt die direkteste Methode im Kampf um Vorteil dar.} (12. b3 {oder}) (12. a3
{oder}) (12. Bd2 {sind zu schlaff.}) 12... e5 13. g3 Rfe8 {Schwarz hat
Gegenspiel gegen e4, muss aber aufpassen, dass sein Damenflügel (insbesondere
der Pc6) nicht unter Beschuss gerät. Nach den bisherigen Erfahrungen steht
Schwarz befriedigend, sein Nachteil ist nur gering.} 14. dxe5 (14. a3 a6 15.
dxe5 Nxe5 16. Bg5 Nxf3+ 17. Bxf3 Be5 18. Bxf6 gxf6 19. Bg4 Rad8 20. Rac1 Bc8
21. Rxd8 Rxd8 22. Bxc8 Rxc8 23. Qd1 Rd8 24. Qg4+ Kh8 25. Nd5 Qc8 26. Qe2 Re8
27. Qc2 $14 {1/2-1/2 Ftacnik,L-Zvjaginsev,V/Herceg Novi 2001/CBM 82 ext (43)})
14... Nxe5 15. Bg5 (15. Nd4 Bc5 16. Nb3 Bb6 17. Bf4 Qc8 18. Kg2 b4 19. Na4 Nxe4
20. Nac5 Nxc5 21. Nxc5 Bxc5 22. Qxc5 Nd7 23. Rxd7 Qxd7 24. Bf3 Qd8 25. Rd1 Qb6
26. Qxb6 axb6 27. Rd7 Bc8 28. Rc7 Bf5 29. Bxc6 Be4+ 30. Bxe4 Rxe4 $17 {1/2-1/2
Tukmakov,V-Sveshnikov,E/Bled 2001/EXT 2002 (78)}) 15... Ned7 $146 (15... Nxf3+
16. Bxf3 Qe7 17. Bg2 Be5 18. Ne2 Qb4 19. Rd2 Rad8 20. Rad1 Rxd2 21. Rxd2 Qa5
22. b3 c5 23. Rd1 h6 24. Bd2 Qa6 25. Bc3 Bxc3 26. Nxc3 b4 27. Nd5 Nxd5 28. exd5
Qd6 29. h4 h5 30. Rc1 Rc8 31. Qe2 g6 32. Kh2 Ba6 33. Qe3 Bb5 34. f4 $36 {
1-0 Ibragimov,I-Asrian,K/Dubai 2000/EXT 2001 (65)}) (15... b4 16. Bxf6 gxf6 17.
Na4 c5 18. Rac1 Rac8 19. b3 Bf8 20. Nd4 Ng6 21. Bf3 Qe5 22. Nf5 Bxe4 23. Qxe4
Qxe4 24. Bxe4 Rxe4 25. Nd6 Bxd6 26. Rxd6 c4 $17 {0-1 Kononenko,T-Shalimov,V/
Kharkov 2002/CBM 86 ext (34)}) 16. Rac1 a6 17. Qd2 Bb4 (17... Bf8 18. Bf4 Qb6
19. e5 Nd5 20. Nxd5 cxd5 21. Be3 $14) 18. Nxb5 $5 {Karpov wählt eine
Abwicklung, die ihm scheinbar ein günstiges Endspiel verspricht ...} Bxd2 $2 {
... und Fressinet geht darauf ein.} (18... axb5 $5 {is vermutlich besser. Nach}
19. Qxb4 Rxe4 20. Qd2 Rxa2 21. Bxb5 Qb6 22. Bd3 (22. Bxf6 Nxf6 23. Qd8+ Qxd8
24. Rxd8+ Re8 25. Rxe8+ Nxe8 26. Bxc6 Bxc6 27. Rxc6 Rxb2 $11) 22... Re8 23. Rc2
c5 {hat Schwarz durch den Druck auf der langen Diagonalen definitiv keinen
Nachteil.}) 19. Nxc7 Bxc1 20. Bxc1 Rxe4 21. Bd3 Rae8 22. Nxe8 Rxe8 23. Bf1 $14
{Läuferpaar und bessere Bauernstellung - eine solche Stellung schmeckt Karpov
natürlich. Aber Fressinet beweist seine Qualitäten und hält die Stellung
unentschieden.} c5 24. Bg2 Bd5 25. b3 c4 26. bxc4 Bxc4 27. a3 Bd5 28. Be3 h6
29. Bd4 Re2 30. Nd2 Bxg2 31. Kxg2 Re6 32. Nc4 {Jetzt hat Karpov nur noch den
Vorteil des Läufers gegen den Springer.} Rc6 33. Ne3 Kh7 (33... h5 $5) 34. h3
Rd6 35. f4 Rc6 36. g4 Nc5 37. Rc1 Nfd7 38. Nf5 f6 39. Ng3 Rc7 40. f5 a5 {
Ich habe den Eindruck, dass Schwarz in den letzten Zügen besser hätte spielen
können, denn Karpov konnte seinen Vorteil wieder etwas vergrössern.} 41. Kf3
Na6 42. Rc3 Kg8 43. Ne4 Kf8 44. Nd6 Ke7 45. Nb5 Rxc3+ 46. Bxc3 a4 47. Ke4 Nb6
48. Bd4 Nc8 49. Nc3 h5 50. Nxa4 {Weiß hat endlich den a-Bauern erobert, aber
angesichts des reduzierten Materials fällt die Verwertung schwer.} hxg4 51.
hxg4 Kd6 52. Nc3 Kc6 53. Kf4 Nd6 54. Ne4 Nb5 55. Bb2 Nac7 56. a4 Nd5+ 57. Kf3
Nbc7 58. Ba3 Nb6 59. Bf8 Ne8 60. Kg3 Nxa4 61. Kh4 Nb6 62. Nc5 Kd5 63. Ne6 g5+
64. Kh5 Nd7 65. Ba3 Ne5 66. Bb2 Nd3 (66... Nd3 67. Bc3 Nf4+ $11) 1/2-1/2

[Event "Mondariz zt 1.1"]
[Site "Mondariz"]
[Date "2000.09.05"]
[Round "3"]
[White "Arlandi, Ennio"]
[Black "Vallejo Pons, Francisco"]
[Result "1-0"]
[WhiteElo "2437"]
[BlackElo "2554"]
[Annotator "Lutz,C"]
[PlyCount "81"]
[EventDate "2000.09.03"]
[EventType "swiss"]
[EventRounds "11"]
[EventCountry "ESP"]
[SourceTitle "CBM 079"]
[Source "ChessBase"]
[SourceDate "2000.11.21"]
[SourceVersion "1"]
[SourceVersionDate "2000.11.21"]
[SourceQuality "1"]

1. d4 e6 2. c4 d5 3. Nc3 c6 4. e3 Nf6 5. Nf3 Nbd7 6. Qc2 Bd6 7. Bd3 O-O 8. O-O
dxc4 9. Bxc4 Qe7 10. a3 e5 11. h3 Bc7 $5 {Auf c7 steht der Läufer wegen der
Gegnüberstellung mit der Qc2 gelegentlich etwas unsicher.} (11... Bb8 {
(Chernins Zug) wird hier häufiger gespielt.}) 12. Ba2 h6 13. Rd1 (13. Nh4 Re8
14. Nf5 Qf8 15. Nb5 $5 (15. Ne2 Nb6 16. dxe5 Rxe5 17. Neg3 Be6 18. b4 Bxa2 19.
Rxa2 g6 20. Nd4 Ree8 21. Nde2 h5 $11 {1/2-1/2 Epishin,V-Akopian,V/Novosibirsk
1993/CBM 36/[Ftacnik] (37)}) 15... Bb8 16. Bd2 $1 a5 (16... cxb5 $2 17. Bb4 $18
) 17. dxe5 (17. Nc3 $5 $146 Nb6 18. dxe5 Bxe5 19. Rad1 $14 {1/2-1/2 Korotylev,
A-Akopian,V/St Petersburg 1994/CBM 41/[Chekhov] (31)}) 17... Bxe5 $6 (17...
Nxe5 {Ftacnik} 18. Nbd4 $14) (17... Rxe5 18. Nbd4 Ne4 19. f4 Re8 20. Be1 Ndf6
21. b4 axb4 22. axb4 Ra6 23. Rb1 Bd7 24. Bc4 b5 25. Bb3 c5 26. bxc5 Qxc5 27.
Bb4 Qxc2 28. Bxc2 Nd5 29. Bd3 {1/2-1/2 Arlandi,E-Godena,M/Reggio Emilia 1992/
EXT 2000 (29)}) 18. f4 $1 Bb8 19. Nc3 $16 {Karpov,An-Anand,V/Bruxelles (m/8)/
1991/1-0 (32)}) 13... Kh8 14. Nh4 $6 {Da Schwarz bereits ...Kh8 gespielt hat,
erscheint mir dieser Zug sinnlos.} Nb6 15. Nf5 Bxf5 16. Qxf5 g6 17. Qc2 e4 $15
{Schwarz hat das Übergewicht am Königsflügel.} 18. f3 {Führt zu einem
dauerhaft geschwächten Königsflügel, aber andererseits droht ...Rae8 nebst ...
Qd6.} exf3 19. gxf3 Nh5 20. Qg2 Rad8 21. Bd2 Rfe8 22. Rac1 Ng7 23. e4 Rxd4 24.
Ne2 (24. Bxh6 Rxd1+ 25. Rxd1 Nh5 $15) 24... Rxd2 $5 {Nach diesem
Qualitätsopfer erlangt Schwarz die Kontrolle über die schwarzen Felder. Es ist
offensichtlich, dass er außerhalb jeglicher Verlustgefahr ist. Allerdings
steht er nur etwas besser, denn Weiß hat Druck gegen den Pf7, wodurch Schwarz
in seinen Aktionen eingeschränkt ist. Insbesondere kann der Nb6 nicht aktiv
werden.} (24... Rd7 $5 $15) 25. Rxd2 Nh5 (25... Nf5 26. Rd3) 26. Rcd1 Qf6 27.
Qf2 Nf4 28. Nxf4 Qxf4 $15 29. Kf1 Re5 30. Rd3 Rh5 {Schwarz greift den Ph3 an,
allerdings muss er nun immer damit rechnen, dass Weiß unter Qualitätsopfer
nach d7 eindringt.} (30... Kg7 $5 $15) 31. Qd2 Qh4 $5 {Schwarz geht zu
direkten Aktionen über, vergisst aber den Pf7.} (31... Qf6 $15 {behält alles
unter Kontrolle.} 32. Qg2 Kg7 33. R1d2 {, und Weiß sollte sich halten können,
z.B.} (33. Rd7 Nxd7 34. Rxd7 Rg5 $1 35. Qe2 Bb6 $19) 33... Qh4 34. Rd7 $1 Nxd7
35. Rxd7 Rg5 36. Rxf7+ Kh8 37. Rf8+ $11) 32. Bxf7 Rg5 $2 {Schwarz verliert den
Faden (Zeitnot?).} ({Da nach dem Fall des Pf7 seine Königsstellung geöffnet
ist, muss er die Damen tauschen.} 32... Qxh3+ 33. Qg2 Qxg2+ 34. Kxg2 Kg7 35.
Be6 (35. Rd7 Nxd7 36. Rxd7 Bf4 37. Rxb7 Kf6 $15) 35... Rh2+ $15 {und Schwraz
hat keineerlei Probleme.}) 33. Be6 $6 {Weiß hatte eine noch stärkere
Möglichkeit.} ({Weiß sollte die Gelegenheit nutzen, mit seinem Turm
einzudringen:} 33. Rd8+ Kg7 (33... Bxd8 34. Qxd8+ Kg7 35. Qg8+ Kf6 36. e5+ Kf5
(36... Rxe5 37. Rd6+ Ke7 38. Qd8+ $18) 37. Be6+ Kf4 38. Rd4+ $18) 34. Be6 $18 {
/\} Qg3 35. Rg8+ Kf6 (35... Kh7 36. Qd7+ Nxd7 37. Rxd7#) 36. Bg4) {Aber auch
so steht Weiß nun klar vorteilhaft, denn der schwarze König hat keinen Schutz
mehr.} 33... Re5 34. Bg4 Kh7 35. Qf4 $18 Re7 36. Qf8 Nd5 37. exd5 Bb6 38. R3d2
cxd5 39. Be6 Rg7 (39... Rxe6 40. Qf7+ $18) 40. Rc1 Qg5 41. Rc8 1-0

[Event "Cannes NAO Masters"]
[Site "Cannes"]
[Date "2002.02.26"]
[Round "5"]
[White "Bacrot, Etienne"]
[Black "Fressinet, Laurent"]
[Result "1/2-1/2"]
[WhiteElo "2649"]
[BlackElo "2591"]
[Annotator "Lutz,C"]
[PlyCount "44"]
[EventDate "2002.02.22"]
[EventType "tourn"]
[EventRounds "9"]
[EventCountry "FRA"]
[EventCategory "18"]
[SourceTitle "CBM 088"]
[Source "ChessBase"]
[SourceDate "2002.03.21"]
[SourceVersion "1"]
[SourceVersionDate "2002.03.21"]
[SourceQuality "1"]

1. d4 d5 2. c4 c6 3. Nc3 Nf6 4. e3 e6 5. Nf3 Nbd7 6. Bd3 Bd6 7. e4 dxe4 8. Nxe4
Nxe4 9. Bxe4 e5 {In dieser Variante muss Weiß sehr genau spielen, um
wenigstens eine kleine Initative zu behalten.} 10. O-O exd4 11. Bg5 $5 {
Im Sinne eines Vorteils scheint 11.Qxd4 besser:} (11. Qxd4 Qf6 12. Rd1 Be7 (
12... Bc7 13. Bg5 (13. Be3 $6 O-O 14. Qd3 h6 15. Bd4 Ne5 16. Qc3 Nxf3+ 17. Bxf3
Qg5 18. b4 Be6 $11 {1-0 Graf,A-Godena,M/Ohrid 2001/CBM 84/[Lutz] (33)}) 13...
Qxd4 14. Nxd4 h6 15. Bh4 g5 16. Bg3 Bxg3 17. hxg3 Nc5 18. Bf5 $36 {1-0 Milov,
V-Godena,M/Saint Vincent 2000/CBM 78/[Lutz] (87)}) 13. Be3 (13. Bc2 Qxd4 14.
Nxd4 Nc5 15. Re1 g6 16. Bh6 Ne6 17. Rad1 Nxd4 18. Rxd4 Be6 19. b3 Bf8 20. Bxf8
Kxf8 21. f4 Re8 22. Kf2 Kg7 $11 {1/2-1/2 Piket,J-Anand,V/Monte Carlo 2001/CBM
81 ext (42)}) 13... Qxd4 14. Nxd4 Nf6 15. Bc2 O-O 16. h3 Re8 17. Nf5 Bxf5 18.
Bxf5 $14 {1/2-1/2 Bareev,E-Anand,V/Dortmund 2000/CBM 78/[Lutz] (61)}) 11... Nf6
$1 {Dies erscheint wie die genaueste Antwort.} (11... Qc7 $6 12. Qxd4 O-O 13.
Rad1 Bc5 14. Qd2 a5 15. a3 a4 16. Rfe1 f5 17. Bc2 Qa5 18. Be7 Qxd2 19. Rxd2
Bxe7 20. Rxe7 Nc5 21. Re5 b6 22. Nd4 Rd8 23. Ree2 Ba6 24. Nxc6 Bxc4 25. Nxd8
Bxe2 26. Bxf5 Bc4 27. Nc6 Re8 28. f3 $16 {1-0 Milov,V-Bisguier,A/New York 1997/
CBM 57 ext (52)}) 12. Qxd4 h6 13. Bxf6 (13. Bh4 $5 g5 14. Rfe1 gxh4 15. Bxc6+
Kf8 16. Re8+ Nxe8 17. Qxh8+ Ke7 18. Re1+ Be6 19. Nd4 Bxh2+ 20. Kxh2 Qc7+ 21.
Kg1 bxc6 22. Nf5+ Kd8 23. Rd1+ Bd7 24. Nd6 $44 {0-1 Gelfand,B-Ljubojevic,L/
Monte Carlo 1999/CBM 69 ext (70)}) 13... Qxf6 14. Qxf6 gxf6 $11 {Der
verdoppelte f-Bauer ist nicht so relevant, da Schwarz als Entschädigung den
schwarzfeldrigen Läufer hat.} 15. Rad1 Bc7 16. Nd4 Be6 17. Rfe1 Ba5 18. Nxe6
fxe6 19. Re3 Rd8 20. Rxd8+ Kxd8 21. Rg3 Bc7 22. Ra3 (22. Rg7 Kc8 {/\ ...Rd8-d2}
) 22... a6 1/2-1/2

[Event "Lee Cup 4th"]
[Site "Beijing"]
[Date "1997.08.31"]
[Round "7"]
[White "Yakovich, Yuri"]
[Black "Zhu, Chen"]
[Result "1/2-1/2"]
[WhiteElo "2610"]
[BlackElo "2515"]
[Annotator "Lutz,C"]
[PlyCount "43"]
[EventDate "1997.08.23"]
[EventType "swiss"]
[EventRounds "11"]
[EventCountry "CHN"]
[SourceTitle "CBM 061"]
[Source "ChessBase"]
[SourceDate "1997.11.23"]
[SourceVersion "1"]
[SourceVersionDate "1997.11.23"]
[SourceQuality "1"]

1. d4 d5 2. c4 c6 3. Nf3 Nf6 4. e3 e6 5. Bd3 Nbd7 6. O-O Bd6 7. Nc3 O-O 8. e4
dxe4 9. Nxe4 Nxe4 10. Bxe4 h6 11. Bc2 e5 12. Re1 exd4 13. Qxd4 Bc5 14. Qc3 a5
15. a3 Nf6 16. Be3 Bxe3 17. Rxe3 {Das System mit 6...Bd6 führt in der Regel zu
einem leichten Vorteil für Weiß. Der Anziehende kontrolliert die Zentrallinien,
aber die schwarze Stellung ist fest.} c5 $6 {[%csl Rb5,Rc5,Gd4,Rd5] Dieser Zug
gefällt mir nicht, da er nichts für die Entwicklung tut und außerdem die
Felder b5, d5, und der Pc5 schwach sind. Die Kontrolle über d4 kann dies nicht
aufwiegen.} (17... Bg4 {1/2-1/2 Kasparov,G-Comp Deep Blue/Philadelphia m 1996/
EXP 50/[Friedel] (50)}) (17... Re8 {1/2-1/2 Reshevsky,S-Bisguier,A/New York
Rosenwald 1956/MCL 08 (39)}) 18. Ne5 $6 {Die nächsten weißen Züge sind sehr
unkonkret. Besser ist 18.Rd1 :} (18. Rd1 Qc7 19. Qe5 Qxe5 20. Nxe5 Be6 21. Rb3
Rab8 22. f3 $16) 18... Qc7 19. Rd1 Be6 20. Rde1 Rfd8 21. h3 Rd4 22. Bd3 1/2-1/2